000 00372nam a2200169Ia 4500
008 210210b1965 xxu||||| |||| 00| 0 eng d
041 _aeng
082 _a825/698
100 _aRAJAN (B)
245 _aW b yeats
260 _aLondon
_bHutchinson University
_c1965
650 _ayeats
650 _aW
650 _ab
690 _aEnglish Criticism
906 _a015014
999 _c134247
_d134247